Normal view
MARC view
Entry Personal Name
001 - CONTROL NUMBER
- control field: 15285
003 - CONTROL NUMBER IDENTIFIER
- control field: BD-RjUL
005 - DATE AND TIME OF LATEST TRANSACTION
- control field: 20250421104829.0
008 - FIXED-LENGTH DATA ELEMENTS
- fixed length control field: 250421|| aca||aabn | a|a d
040 ## - CATALOGING SOURCE
- Original cataloging agency: BD-RjUL
- Transcribing agency: BD-RjUL
100 ## - HEADING--PERSONAL NAME
- Personal name: Tahmida Begum, Z. N
670 ## - SOURCE DATA FOUND
- Source citation: Work cat.: (BD-RjUL)84836: Encyclopedia of flora and fauna of Bangladesh /, 2007-<2009>